Statistics for FIFA Country Ranking Test

Click here to take the quiz!

General Stats

  • This quiz has been taken 120 times
  • The average score is 13 of 15

Answer Stats

HintAnswer% Correct
2nd placeArgentina
99%
1st placeGermany
97%
7th placeBrazil
96%
10th placeFrance
94%
8th placeSpain
94%
14th placeItaly
93%
3rd placeNetherlands
89%
11th placePortugal
86%
5th placeBelgium
83%
15th placeUSA
81%
4th placeColombia
76%
6th placeUruguay
74%
12th placeChile
72%
9th placeSwitzerland
66%
13th placeGreece
55%

Score Distribution

Percentile by Number Answered

Percent of People with Each Score

Your Score History

You have not taken this quiz